[Event "Olympiad Women 2024"]
[Site "Budapest HUN"]
[Date "2024.09.16"]
[Round "6.60"]
[Board "1"]
[White "Sagastegui, Thamara"]
[Black "Ravelomanana, Sabine"]
[Result "1/2-1/2"]
[WhiteElo "1544"]
[BlackElo "1926"]
[PlyCount "209"]
[EventDate "2024.09.11"]
[WhiteTeam "Aruba"]
[BlackTeam "Madagascar"]
[WhiteTeamCountry "ARN"]
[BlackTeamCountry "MAD"]

1. e4 e5 2. Nf3 Nc6 3. d4 exd4 4. Nxd4 Bb4+ 5. Nc3 Qe7 ({RR} 5... Nge7 6. Be3 O-O 7. Bd3 Nxd4 8. Bxd4 c5 9. Be3 d5 10. a3 d4 11. axb4 dxe3 12. bxc5 exf2+ 13. Kxf2 Qd4+ 14. Ke1 Qxc5 15. Qd2 Be6 16. Kd1 Rfd8 17. Kc1 Nc6 18. Re1 h6 19. Qe3 Qe5 20. g3 {0-1 Van Foreest,J (2584)-Grigoriants,S (2576) Titled Tuesday intern Qual2 11th April blitz 2017 (4)}) ({RR} 5... Qf6 6. Be3 Nge7 7. Qd2 d6 8. a3 Ba5 9. O-O-O Bd7 10. f4 O-O-O 11. f5 h6 12. g4 Ne5 13. g5 Bxc3 14. bxc3 hxg5 15. Bxg5 Nc4 16. Bxf6 Nxd2 17. Bxe7 Rde8 18. Rxd2 Rxe7 19. Bd3 c5 20. Nb3 {1-0 Paragua,M (1970)-Lin,B (2103) Titled Tue 30th Jan Late 2024 (4)}) 6. Ndb5 d6 7. Be2 $146 ({RR} 7. Bd2 a6 8. Nd5 Qxe4+ 9. Qe2 Bxd2+ 10. Kxd2 Qxe2+ 11. Bxe2 Rb8 12. Nbxc7+ Kd8 13. a4 Be6 14. b4 Nf6 15. Nxf6 Kxc7 16. b5 axb5 17. axb5 Nd4 18. Ne4 Nxe2 19. Kxe2 Bc4+ 20. Kd2 Bxb5 21. Rhe1 Bc6 {½-½ Adamski,A (1638)-Wrabel,A (1693) Warsaw YMCA Winter-C 165th 2016 (11)}) 7... Nf6 8. O-O a6 9. Nd5 Nxd5 10. exd5 Ne5 11. Nd4 O-O 12. c3 Bc5 13. Be3 f5 14. Nc2 Bxe3 15. fxe3 Bd7 16. b3 Rf6 17. g3 Raf8 18. Qd2 Nf7 19. Bf3 Ng5 20. Bg2 Qe8 21. Nd4 b6 22. c4 Rh6 23. Qe2 Rff6 24. Rae1 Nf7 25. Nf3 g5 26. Nd4 Ne5 27. Nf3 Nf7 28. Nd4 g4 29. e4 Ne5 30. exf5 Qh5 31. Bh1 Bxf5 32. Nxf5 Rxf5 33. Rxf5 Qxf5 34. Rf1 Qh5 35. Rf2 Qg5 36. Qf1 Qe3 37. Qe2 Qd4 38. Qd2 Qxd2 39. Rxd2 Kg7 40. Be4 Rf6 41. Rf2 h6 42. Rxf6 Kxf6 43. Kg2 Nf7 44. Kf2 Ke5 45. Ke3 a5 46. a4 Ng5 47. Bg2 Nh7 48. Be4 Nf6 49. Bd3 Nd7 50. Be2 Kf5 51. Bd3+ Kg5 52. Bc2 Nc5 53. Bd1 h5 54. Bc2 Nd7 55. Bd1 Ne5 56. Be2 h4 57. Bd1 h3 58. Be2 Nd7 59. Bd3 Nf6 60. Bc2 Nh5 61. Be4 Kf6 62. Bh1 Ke5 63. Be4 Ng7 64. Bd3 Ne8 65. Bc2 Nf6 66. Bd3 Nd7 67. Bb1 Nc5 68. Bc2 Na6 69. Bd1 Kf5 70. Bc2+ Kg5 71. Bd1 Nb4 72. Kd2 c6 73. dxc6 Nxc6 74. Ke3 Nb4 75. Ke4 Na2 76. Ke3 Kf5 77. Bc2+ Ke5 78. Bd1 Kf5 79. Bc2+ Kg5 80. Bb1 Nb4 81. Be4 Na6 82. Kd4 Nc7 83. Ke3 Ne8 84. Kd4 Nf6 85. Bd3 Nd7 86. Ke3 Ne5 87. Be2 Kf5 88. Bd1 Nd7 89. Bc2+ Ke5 90. Bd1 Nf6 91. Bc2 d5 92. cxd5 Nxd5+ 93. Ke2 Kd4 94. Bf5 Nf6 95. Kd2 Ke5 96. Bd3 Nh5 97. Ke3 Ng7 98. Be4 Ne6 99. Bc2 Nd4 100. Bd1 Nf5+ 101. Kf2 Nh6 102. Ke3 Nf5+ 103. Kf2 Nd4 104. Ke3 Nf5+ 105. Kf2 1/2-1/2

[Event "Olympiad Women 2024"]
[Site "Budapest HUN"]
[Date "2024.09.16"]
[Round "6.60"]
[Board "2"]
[White "Raharimanana, Faratiana"]
[Black "Jacobs, Annelaine"]
[Result "1-0"]
[WhiteElo "1815"]
[BlackElo "1763"]
[PlyCount "113"]
[EventDate "2024.09.11"]
[WhiteTeam "Madagascar"]
[BlackTeam "Aruba"]
[WhiteTeamCountry "MAD"]
[BlackTeamCountry "ARN"]

1. d4 Nf6 2. Nf3 g6 3. c4 Bg7 4. Nc3 O-O 5. e4 d6 6. Be2 c6 7. h3 e5 8. O-O Qc7 9. Be3 Nbd7 10. Qd2 Re8 ({RR} 10... a6 11. Bh6 b5 12. Bxg7 Kxg7 13. a3 Rb8 14. Rad1 Re8 15. dxe5 dxe5 16. b4 Nf8 17. c5 Ne6 18. Qd6 Qxd6 19. Rxd6 Nf4 20. Bd1 Bb7 21. Bb3 Rbd8 22. Rfd1 Rxd6 23. Rxd6 Kf8 24. Rxf6 Rd8 25. Rd6 {1-0 Bobomurodova,M (1829)-Garcia Molina,J (2229) Titled Tue 30th Jul Early 2024 (9)}) 11. dxe5 ({RR} 11. d5 Nc5 12. Qc2 cxd5 13. Nxd5 Qc6 14. Nd2 Ne6 15. Nb3 b6 16. Rfd1 Bb7 17. a4 Nc5 18. Nd2 a5 19. Rdb1 Ncxe4 20. Bf3 Nxd5 21. Qxe4 Nb4 22. Qxc6 Bxc6 23. Bxc6 Nxc6 24. Bxb6 Ra6 25. Be3 f5 {0-1 Besztercsenyi,T (2310)-Ezsol,M (2325) HUN-chT 9697 1996 (1)}) 11... dxe5 12. Rfd1 Bf8 13. Rab1 $146 ({RR} 13. Bh6 Be7 14. a3 Nc5 15. Qc2 a5 16. b3 Ne6 17. Bf1 Nh5 18. Ne2 f6 19. Be3 b6 20. Nc3 Bb7 21. Nh2 Rad8 22. Ng4 Nd4 23. Qb1 Nf4 24. c5 bxc5 25. g3 Nfe6 26. Bc4 Kh8 27. Kg2 Bc8 {0-1 Sumar,J-Pedersen,E Olympiad-09 Dubrovnik 1950 (2)}) ({RR} 13. Qc2 b6 14. a3 a5 15. b3 Bb7 16. Bg5 h6 17. Bc1 b5 18. Bb2 b4 19. Nb1 c5 20. Bd3 Nh5 21. Nbd2 Nf4 22. Nf1 f5 23. Ng3 Rad8 24. axb4 Nxd3 25. Rxd3 fxe4 26. Rxd7 Qxd7 27. Nxe4 Qf5 {0-1 Henrichsen,J (1971)-Mayer,I (2124) Budapest FS05 FM-A 2009 (1)}) 13... a5 14. a3 Nc5 15. Qc2 a4 16. Bxc5 Bxc5 17. Nxa4 Nxe4 18. Nxc5 Nxc5 19. Qc3 Bf5 20. Rbc1 Na4 21. Qb3 Qe7 22. Rd2 Nc5 23. Qe3 f6 24. g4 Bd7 25. Rcd1 Rad8 26. b4 Ne6 27. c5 Nf4 28. Bf1 Be6 29. Rxd8 Rxd8 30. Rxd8+ Qxd8 31. Qd2 Qxd2 32. Nxd2 Bd5 33. Kh2 Kf8 34. Kg3 Ke7 35. f3 Kd7 36. Kf2 Kc7 37. Ke3 Kd7 38. h4 Ke7 39. Nb1 h6 40. Nc3 g5 41. hxg5 hxg5 42. a4 Kd7 43. Kf2 Kc8 44. Ke3 Kd7 45. Bd3 Be6 46. Be4 Bd5 47. Bf5+ Be6 48. Be4 Bd5 49. b5 Kc8 50. Bf5+ Kd8 51. b6 Bc4 52. a5 Nd5+ 53. Kd2 Nxc3 54. Kxc3 Bb5 55. Bd3 Ba6 56. Bxa6 bxa6 57. Kd3 1-0

[Event "Olympiad Women 2024"]
[Site "Budapest HUN"]
[Date "2024.09.16"]
[Round "6.60"]
[Board "3"]
[White "Moreno Mora, Milaydes Lourdes"]
[Black "Randriatsiferana, Dimbiharentsoa Christiana"]
[Result "1/2-1/2"]
[WhiteElo "1694"]
[BlackElo "1736"]
[PlyCount "126"]
[EventDate "2024.09.11"]
[WhiteTeam "Aruba"]
[BlackTeam "Madagascar"]
[WhiteTeamCountry "ARN"]
[BlackTeamCountry "MAD"]

1. e4 c5 2. Nf3 d6 3. Bb5+ Bd7 4. Bxd7+ Qxd7 5. d4 cxd4 6. Nxd4 Nf6 7. Nc3 Nc6 8. h3 g6 9. Be3 Bg7 10. O-O O-O 11. f4 Nxd4 12. Bxd4 Qc6 13. Bxf6 $146 ({RR} 13. Qf3 Rfd8 14. Rad1 a6 15. f5 gxf5 16. Qxf5 Kh8 17. Nd5 e6 18. Qxf6 e5 19. Bxe5 dxe5 20. Qxc6 bxc6 21. Nb4 f6 22. Nxc6 Rdc8 23. Rd6 Rc7 24. Rfd1 Bf8 25. Rxf6 Rac8 26. Rd8 Rxd8 27. Nxd8 Be7 {1-0 Falardeau,B-Fortin,M Quebec-ch U16 1998}) 13... Bxf6 14. Nd5 Kg7 15. Nxf6 exf6 16. Qd3 Rfe8 17. Rfe1 Rac8 18. c3 Qb6+ 19. Kh1 Qxb2 20. Rab1 Qxc3 21. Qxd6 Rcd8 22. Qb4 Qxb4 23. Rxb4 b6 24. Re2 Re7 25. Kg1 Rd3 26. a4 Ra3 27. Kf2 g5 28. fxg5 fxg5 29. e5 h5 30. Rbe4 Re6 31. Rd2 Kg6 32. Rd7 f5 33. Rb4 Rxe5 34. Rxa7 Ra2+ 35. Kf1 f4 36. Rxb6+ Kf5 37. Rf7+ Ke4 38. Rb4+ Ke3 39. Rb3+ Kd2 40. Rd7+ Kc2 41. Rdd3 Rc5 42. g3 Rxa4 43. gxf4 Rxf4+ 44. Kg2 Rcc4 45. Ra3 Rfe4 46. Rf3 Re1 47. Ra2+ Kb1 48. Raf2 Re5 49. Rb3+ Kc1 50. Ra3 Rc2 51. Rxc2+ Kxc2 52. Kg3 Kd2 53. Kg2 h4 54. Kf3 Re1 55. Ra5 Rg1 56. Ra2+ Kd3 57. Ra3+ Kc4 58. Ra4+ Kd3 59. Rg4 Rf1+ 60. Kg2 Rf5 61. Ra4 Rb5 62. Kf3 Rf5+ 63. Kg4 Rb5 1/2-1/2

[Event "Olympiad Women 2024"]
[Site "Budapest HUN"]
[Date "2024.09.16"]
[Round "6.60"]
[Board "4"]
[White "Tsinjoviniavo, Aina Mahasambatra"]
[Black "Cabral, Sylvi"]
[Result "1-0"]
[WhiteElo "1662"]
[BlackElo "1471"]
[PlyCount "115"]
[EventDate "2024.09.11"]
[WhiteTeam "Madagascar"]
[BlackTeam "Aruba"]
[WhiteTeamCountry "MAD"]
[BlackTeamCountry "ARN"]

1. e4 c5 2. Nf3 g6 3. c3 Bg7 4. d4 cxd4 5. cxd4 d5 6. e5 Nc6 7. Nc3 e6 ({RR} 7... Nh6 8. Bb5 O-O 9. O-O Bg4 10. Bxc6 bxc6 11. h3 Bxf3 12. Qxf3 Nf5 13. Rd1 f6 14. e6 Nd6 15. Bf4 f5 16. Rac1 Ne4 17. Qe3 Rc8 18. f3 g5 19. Bxg5 Nxg5 20. Qxg5 f4 21. Na4 Qd6 22. Nc5 {½-½ Potapov,P (2418)-Gopal,G (2572) Wch U20 Gaziantep 2008 (7)}) 8. Bd3 Nge7 9. Nb5 $146 ({RR} 9. g4 Bd7 10. Nb5 O-O 11. Nd6 Qb6 12. Be3 f6 13. Kf1 fxe5 14. dxe5 Qb4 15. a3 Qxg4 16. Be2 Nxe5 17. h3 Qa4 18. Qxa4 Bxa4 19. Nd4 Rab8 20. Nxe6 Rf6 21. Nxg7 Rxd6 22. Bc5 Rc6 23. Bxe7 Kxg7 {0-1 Patarcic,D (2029)-Muskardin,M (2085) CRO-chT U20 19th 2010 (6.33)}) ({RR} 9. O-O a6 10. Bg5 O-O 11. Qd2 Qb6 12. Rad1 Nxd4 13. Nxd4 Qxd4 14. Bxe7 Re8 15. Bd6 Bxe5 16. Bxe5 Qxe5 17. Rfe1 Qc7 18. Nxd5 Qd8 19. Bb1 b5 20. Nc3 Qa5 21. Ne4 Qb6 22. Nf6+ {1-0 Owezdurdiyeva,J (2063)-Joya,R Swiss Queens Wed #14 2024 (7.91)}) ({RR} 9. Bg5 Qb6 10. O-O O-O 11. Qd2 a6 12. Qf4 Qc7 13. Bf6 Bxf6 14. Qxf6 Qd8 15. g4 Bd7 16. Qh4 Kg7 17. Qf6+ Kg8 18. h4 Nc8 19. g5 Nb4 20. Bb1 Qxf6 21. gxf6 Nb6 22. a3 Nc6 23. b3 Rac8 {1-0 Bons Fuses,M (1638)-Pifarre Gene,J (1464) Llinars del Valles op-B 13th 2019 (4)}) 9... O-O 10. Nd6 a6 11. O-O f6 12. Nxc8 Rxc8 13. exf6 Bxf6 14. Bh6 Bg7 15. Bxg7 Kxg7 16. Ng5 Qd6 17. Qg4 Nf5 18. Bxf5 Rxf5 19. Rfe1 Re8 20. h4 h6 21. Nf3 Qf4 22. Qxf4 Rxf4 23. Rad1 Kf6 24. Re3 g5 25. hxg5+ hxg5 26. g3 Rf5 27. Kg2 Rf8 28. Rb3 Kg6 29. Re1 Nd8 30. Ne5+ Kg7 31. f3 b5 32. Ra3 Nf7 33. Nxf7 R8xf7 34. Rxe6 a5 35. Rxa5 Rxf3 36. Rxb5 g4 37. Re2 Rd7 38. a4 Rd3 39. Rb4 Ra7 40. b3 Rc7 41. a5 Ra7 42. Rb5 Rxd4 43. b4 Kf7 44. Rb6 Rc4 45. a6 Rcc7 46. b5 Rc5 47. Rb2 Ke8 48. Rb7 Ra8 49. a7 Rcc8 50. b6 d4 51. Rd2 d3 52. Rxd3 Rc2+ 53. Kf1 Rc1+ 54. Ke2 Rcc8 55. Rh7 Kf8 56. Rh8+ Kf7 57. Rxc8 Rxc8 58. b7 1-0

[Event "Olympiad Women 2024"]
[Site "Budapest HUN"]
[Date "2024.09.16"]
[Round "6.61"]
[Board "1"]
[White "Jop A., Laura Elizabeth"]
[Black "Pg Hj Janudin, Dk Siti Haziqah"]
[Result "1-0"]
[WhiteElo "1686"]
[BlackElo "1711"]
[PlyCount "69"]
[EventDate "2024.09.11"]
[WhiteTeam "Guatemala"]
[BlackTeam "Brunei Darussalam"]
[WhiteTeamCountry "GUA"]

1. c4 Nf6 2. d4 g6 3. Nc3 d6 4. e4 Bg7 5. Nf3 O-O 6. Be2 Nbd7 7. O-O e5 8. dxe5 Nxe5 9. Nxe5 dxe5 10. Qxd8 Rxd8 11. Bg5 h6 12. Bxf6 Bxf6 13. Nd5 Bg7 14. Nxc7 Rb8 15. Rad1 $146 ({RR} 15. Nd5 Be6 16. Rfd1 Rd7 17. Rac1 Rbd8 18. b3 Kf8 19. Rc3 f5 20. f3 Kf7 21. Rcd3 Bxd5 22. Rxd5 Rxd5 23. Rxd5 Rxd5 24. cxd5 Bf8 25. Kf2 Bd6 26. Ke3 f4+ 27. Kd3 Ke7 28. Kc3 b6 29. b4 g5 {½-½ Fries,E-Salavkar,V IBCA Wch blind (Women) 05th 2001 (2)}) ({RR} 15. Rfd1 Rxd1+ 16. Rxd1 Be6 17. Nxe6 fxe6 18. Rd7 Kf8 19. Bg4 {1-0 Kotov,V (2268)-Burkhanov,D (2197) RUS-chT U18 Orsk 2002}) 15... Rd4 16. Rxd4 exd4 17. f4 a6 18. Rd1 Bd7 19. e5 g5 20. g3 Bf8 21. Kg2 Bc6+ 22. Nd5 Bxd5+ 23. cxd5 Bc5 24. Kf3 a5 25. Ke4 Kf8 26. d6 Ke8 27. Kd5 Bb6 28. Rc1 Kd7 29. Bb5+ Kd8 30. f5 Rc8 31. Rxc8+ Kxc8 32. e6 fxe6+ 33. fxe6 d3 34. Bxd3 Kd8 35. e7+ 1-0

[Event "Olympiad Women 2024"]
[Site "Budapest HUN"]
[Date "2024.09.16"]
[Round "6.61"]
[Board "2"]
[White "Saiful Azmi, Nur Farzana"]
[Black "Lopez L., Dairyn D."]
[Result "0-1"]
[WhiteElo "1533"]
[BlackElo "1740"]
[PlyCount "60"]
[EventDate "2024.09.11"]
[WhiteTeam "Brunei Darussalam"]
[BlackTeam "Guatemala"]
[BlackTeamCountry "GUA"]

1. d4 d6 2. Nf3 g6 3. Bf4 Bg7 4. e3 Nf6 5. Nbd2 Nbd7 6. Bd3 O-O 7. O-O Re8 ({RR} 7... Qe8 8. Ne4 e5 9. dxe5 dxe5 10. Bg5 Nxe4 11. Bxe4 Nc5 12. Qd5 Nxe4 13. Qxe4 h6 14. Bh4 f5 15. Qc4+ Be6 16. Qxc7 g5 17. Nxg5 hxg5 18. Bxg5 Qg6 19. h4 Rf7 20. Qa5 b6 21. Qa4 Rc8 22. Rad1 {0-1 Navarro Pellicer,A (2148)-Ricardi,P (2527) San Sebastian op 22nd 1999 (1)}) 8. Bg3 ({RR} 8. Re1 e5 9. Bg3 e4 10. Nxe4 Nxe4 11. Bf4 Nef6 12. e4 b6 13. e5 dxe5 14. dxe5 Nh5 15. Bg5 f6 16. exf6 Nhxf6 17. Rxe8+ Qxe8 18. Qe1 Bb7 19. Qxe8+ Rxe8 20. Rd1 Kf8 21. Bb5 c6 22. Bc4 Ne5 {0-1 Furtado,I-Predebon,E (1740) 9th Floripa Open 2023 (1.243)}) 8... e5 9. Ng5 $146 ({RR} 9. dxe5 dxe5 10. e4 Nh5 11. c3 Nxg3 12. hxg3 Nc5 13. Bc2 Bg4 14. Nb3 Ne6 15. Qxd8 Rexd8 16. Rad1 b6 17. Rxd8+ Rxd8 18. Nc1 Bxf3 19. gxf3 Rd2 20. Bb3 Nc5 21. Rd1 Nxb3 22. Kh2 {0-1 Paduraru,E-Gilea,L (2266) Galatzi GP op 2007 (1)}) ({RR} 9. dxe5 dxe5 10. Bb5 c6 11. Bc4 b5 12. Bb3 h6 13. h3 Ba6 14. Re1 e4 15. Nh2 Nh5 16. Nhf1 Nxg3 17. Nxg3 Nc5 18. Rb1 Nxb3 19. cxb3 b4 20. Nc4 Qe7 21. Qc2 f5 22. Rbd1 Rad8 23. Ne2 g5 {½-½ Rodriguez Sune,S (1454)-Ortiz Padro,P (1647) Foment Martinenc op-B 21st 2019 (2)}) 9... h6 10. Nh3 e4 11. Be2 Nf8 12. c4 Bxh3 13. gxh3 h5 14. Qb3 Qc8 15. Kg2 N8h7 16. h4 Kh8 17. f3 exf3+ 18. Bxf3 Rb8 19. Rac1 Bh6 20. Rfe1 g5 21. hxg5 Nxg5 22. Kh1 Nxf3 23. Nxf3 Qg4 24. Ng1 Qe4+ 25. Nf3 Qxf3+ 26. Kg1 Rxe3 27. Rc3 Rbe8 28. Rf1 Rxc3 29. bxc3 Be3+ 30. Bf2 Rg8# 0-1

[Event "Olympiad Women 2024"]
[Site "Budapest HUN"]
[Date "2024.09.16"]
[Round "6.61"]
[Board "3"]
[White "Santiago Sontay, Jenny Fernanda"]
[Black "Redzuan, Nur Ainul Mardhiah"]
[Result "1-0"]
[WhiteElo "1773"]
[BlackElo "1481"]
[PlyCount "107"]
[EventDate "2024.09.11"]
[WhiteTeam "Guatemala"]
[BlackTeam "Brunei Darussalam"]
[WhiteTeamCountry "GUA"]

1. d4 Nf6 2. e3 g6 3. Bd3 d6 4. f4 c5 5. c3 cxd4 6. exd4 Bg7 7. Nf3 O-O 8. O-O Nc6 $146 ({RR} 8... a6 9. Nbd2 b6 10. Re1 Bb7 11. Qb3 Nc6 12. Qc2 Rc8 13. Ne4 Nb4 14. Qd2 Nxd3 15. Qxd3 Nxe4 16. Bd2 Nxd2 17. Qxd2 Re8 18. Qc2 Bxf3 19. gxf3 Bxd4+ 20. Kg2 Bg7 21. Qd3 b5 22. Re2 e6 23. a4 {0-1 Lorenzo,L-Pradines,E (1850) Villa Martelli Proyeccion op 1st 2007 (1)}) ({RR} 8... a6 9. Nbd2 Qc7 10. Re1 e6 11. Ne4 Nbd7 12. Nf2 b5 13. Bd2 Bb7 14. Be4 Nxe4 15. Nxe4 Bxe4 16. Rxe4 Nf6 17. Re1 Nd7 18. a4 Nb6 19. axb5 axb5 20. Qe2 Nc4 21. Qe4 Rxa1 22. Rxa1 Nxb2 23. Rb1 {0-1 Daga Serra,J (1965)-Colomer Candano,J Gent Gran-ch 1996 (4)}) 9. Qc2 e5 10. fxe5 dxe5 11. Nxe5 Nxe5 12. dxe5 Ng4 13. Na3 Nxe5 14. Be4 Qb6+ 15. Qf2 Qxf2+ 16. Rxf2 f5 17. Bc2 Be6 18. Bf4 Rfe8 19. Re2 Bf7 20. Rae1 Nc6 21. Rxe8+ Rxe8 22. Rxe8+ Bxe8 23. Bb3+ Bf7 24. Bxf7+ Kxf7 25. Nb5 Ke6 26. Kf2 a6 27. Nc7+ Kd7 28. Nd5 Ke6 29. Nb6 Be5 30. g3 Bxf4 31. gxf4 h6 32. h4 Nd8 33. c4 Nf7 34. Nd5 g5 35. hxg5 hxg5 36. fxg5 Nxg5 37. Ke3 Ke5 38. Nf4 Ne6 39. Nd3+ Kf6 40. b4 Kg5 41. a4 f4+ 42. Ke4 Kg4 43. Ke5 Ng5 44. Nxf4 Nf3+ 45. Ke4 Nd2+ 46. Kd3 Nxc4 47. Kxc4 Kxf4 48. Kc5 Ke5 49. Kb6 Kd5 50. Kxb7 Kc4 51. Kxa6 Kxb4 52. a5 Kc5 53. Kb7 Kb5 54. a6 1-0

[Event "Olympiad Women 2024"]
[Site "Budapest HUN"]
[Date "2024.09.16"]
[Round "6.61"]
[Board "4"]
[White "Zakaria, Liyana"]
[Black "Mazariegos, Silvia Carolina"]
[Result "0-1"]
[WhiteElo "1520"]
[BlackElo "1878"]
[PlyCount "92"]
[EventDate "2024.09.11"]
[WhiteTeam "Brunei Darussalam"]
[BlackTeam "Guatemala"]
[BlackTeamCountry "GUA"]

1. d4 f5 2. Bf4 g6 3. e3 ({RR} 3. Nc3 Nf6 4. e3 Bg7 5. h4 O-O 6. Be2 h6 7. g4 fxg4 8. Bxg4 Qe8 9. Bh3 Na6 10. Qd3 Qf7 11. O-O-O Nb4 12. Qb5 Nxa2+ 13. Nxa2 Qxa2 14. Qd3 d5 15. f3 Qa1+ 16. Kd2 Qa5+ 17. Kc1 Qa1+ {½-½ Flom,G (2515)-Antipov,M (2626) Biel MTO op 51st 2018 (7)}) ({RR} 3. h3 Bg7 4. e3 d6 5. c4 h6 6. Nc3 Nf6 7. Nf3 O-O 8. Be2 Nc6 9. O-O Ne4 10. Qc2 e5 11. Bh2 exd4 12. Nxe4 fxe4 13. Qxe4 Bf5 14. Qd5+ Kh7 15. Rad1 dxe3 16. fxe3 Qe7 17. Qd2 Rae8 {0-1 Vafin,A (2302)-Oddone,C (2268) Titled Tue 25th Jul Early 2023 (3)}) 3... Bg7 4. Nf3 Nh6 $146 ({RR} 4... c5 5. c3 Qb6 6. Qc2 Nf6 7. Bd3 Nd5 8. Be5 O-O 9. Bc4 e6 10. Bxg7 Kxg7 11. Nbd2 Nf6 12. Bd3 d5 13. c4 Nc6 14. a3 cxd4 15. c5 Qc7 16. exd4 e5 17. dxe5 Nxe5 18. Be2 Re8 19. O-O {0-1 Garcia Lorenzo,J (1164)-Canovas Pordomingo,M (2008) Santa Cruz CajaCanarias op 2016 (2)}) ({RR} 4... Nc6 5. Nbd2 Nf6 6. Bd3 d5 7. O-O O-O 8. c4 Nb4 9. Be2 c6 10. a3 Na6 11. Ne5 Nc7 12. c5 Ne6 13. b4 Ne4 14. Nxe4 fxe4 15. Bg3 Nc7 16. Qb3 Bd7 17. f3 exf3 18. Bxf3 Ne8 19. e4 {1-0 Vu,T (1691)-Vu,B (2015) VIE-chT Ho Chi Minh City 2017 (4.33)}) 5. Nbd2 O-O 6. Be5 Nf7 7. Bxg7 Kxg7 8. Bd3 d6 9. Bc4 e6 10. Qe2 Nc6 11. O-O-O Qe7 12. h3 a6 13. g4 b5 14. Bd3 Nb4 15. Kb1 Bb7 16. a3 Nxd3 17. Qxd3 fxg4 18. hxg4 Ng5 19. e4 Nxf3 20. Nxf3 Rf4 21. d5 e5 22. Qc3 Raf8 23. Rh3 R8f7 24. Rdh1 Kg8 25. Qe3 Bc8 26. Rg3 Bxg4 27. Nh4 Bd7 28. Nxg6 hxg6 29. Rxg6+ Rg7 30. Qg3 Rg4 31. Rxg7+ Qxg7 32. Qe3 Rg1+ 33. Rxg1 Qxg1+ 34. Ka2 Qg7 35. Qg3 Qxg3 36. fxg3 Bg4 37. Kb3 Bf3 38. c4 Bxe4 39. a4 bxc4+ 40. Kxc4 c6 41. dxc6 Bxc6 42. b3 Kf7 43. a5 Ke6 44. b4 Bb5+ 45. Kc3 Kf5 46. Kd2 Kg4 0-1

[Event "Olympiad Women 2024"]
[Site "Budapest HUN"]
[Date "2024.09.16"]
[Round "6.62"]
[Board "1"]
[White "Jambo, Linda"]
[Black "Miladi, Amen"]
[Result "1/2-1/2"]
[WhiteElo "1629"]
[BlackElo "1851"]
[PlyCount "65"]
[EventDate "2024.09.11"]
[WhiteTeam "Malawi"]
[BlackTeam "Tunisia"]
[WhiteTeamCountry "MWI"]
[BlackTeamCountry "TUN"]

1. e4 c5 2. Nf3 e6 3. d4 cxd4 4. Nxd4 a6 5. Bd3 Nf6 6. O-O Qc7 7. Bg5 h6 $146 ({RR} 7... Be7 8. Qe2 d6 9. Nd2 Nbd7 10. c3 b6 11. f4 Bb7 12. Rae1 e5 13. Nf5 Bf8 14. Bc4 h6 15. fxe5 dxe5 16. Bh4 b5 17. Bb3 g6 18. Ne3 Bg7 19. Ng4 g5 20. Bg3 O-O-O 21. Bxf7 Rhf8 22. Bb3 {1-0 Hamilton,R (2300)-Frialde,A Canada zt 1989}) ({RR} 7... Be7 8. Nc3 O-O 9. Qf3 d6 10. Qg3 Nc6 11. Nxc6 bxc6 12. Rae1 e5 13. Qh4 h6 14. Bd2 Nh7 15. Qg3 Bg5 16. f4 exf4 17. Bxf4 Bxf4 18. Rxf4 Be6 19. Kh1 a5 20. Ne2 Qb6 21. b3 Qc5 22. a4 {1-0 Beerdsen,T (2513)-Barria Zuniga,D (2341) Titled Tuesday intern op 23rd Aug Late blitz 2022 (3)}) ({RR} 7... Be7 8. Re1 d6 9. Nc3 O-O 10. a4 b6 11. Qf3 Nbd7 12. Qh3 Bb7 13. Kh1 h6 14. Bxh6 Ne5 15. Be3 d5 16. f4 Nxd3 17. cxd3 dxe4 18. dxe4 Nxe4 19. Nxe6 Qd7 20. Nxe4 fxe6 21. Ng5 Bxg5 22. fxg5 {½-½ Perez Pastora,E (2089)-Villa Tornero,A (2216) XXIII Foment Martinenc Op 2023 (8.6)}) ({RR} 7... Be7 8. c3 Nc6 9. Re1 Ne5 10. Bc2 Neg4 11. g3 d6 12. h3 h6 13. Bc1 Ne5 14. a4 O-O 15. Nd2 Rd8 16. Qe2 Nc6 17. N4f3 e5 18. Kg2 Be6 19. Bb3 Rac8 20. Bxe6 fxe6 21. b3 Nb8 22. Bb2 {1-0 Meijers,V (2375)-Link,M (2125) Goch op 03rd 1992 (6)}) 8. Bxf6 gxf6 9. Nd2 Nc6 10. N4f3 Bc5 11. c3 Ne5 12. Nxe5 Qxe5 13. Qf3 Qg5 14. Rad1 Rg8 15. Rfe1 e5 16. Bf1 d6 17. h3 b5 18. Nb3 Be6 19. Nxc5 dxc5 20. a3 Ke7 21. Qe3 Qxe3 22. Rxe3 Rad8 23. Rxd8 Rxd8 24. Rd3 f5 25. Rxd8 Kxd8 26. Bd3 f4 27. f3 Ke7 28. Kf2 Kf6 29. h4 Kg6 30. g3 Kh5 31. Bc2 Bc4 32. b3 Be6 33. Kg2 1/2-1/2

[Event "Olympiad Women 2024"]
[Site "Budapest HUN"]
[Date "2024.09.16"]
[Round "6.62"]
[Board "2"]
[White "Ben Amor, Meriem"]
[Black "Namangale, Susan"]
[Result "1-0"]
[WhiteElo "1733"]
[BlackElo "1521"]
[PlyCount "81"]
[EventDate "2024.09.11"]
[WhiteTeam "Tunisia"]
[BlackTeam "Malawi"]
[WhiteTeamCountry "TUN"]
[BlackTeamCountry "MWI"]

1. e4 d6 2. d4 Nf6 3. Nc3 g6 4. f3 Bg7 5. Be3 a6 6. Nge2 O-O ({RR} 6... b5 7. Qd2 Bb7 8. g4 Nbd7 9. Nd1 c5 10. c3 cxd4 11. cxd4 e6 12. h4 Nb6 13. Ng3 Rc8 14. h5 Nc4 15. Bxc4 Rxc4 16. h6 Bf8 17. b3 Rc8 18. a4 b4 19. Qxb4 Qc7 20. Rc1 d5 21. Qxf8+ {0-1 Morris-Suzuki,A (1652)-Jimenez Fernandez,R (2039) Titled Tue 26th Sep Late 2023 (7)}) 7. Qd2 b5 8. a3 $146 ({RR} 8. g4 e5 9. d5 b4 10. Nd1 a5 11. Ng3 c6 12. c4 Ba6 13. h4 h5 14. gxh5 Nxh5 15. Nxh5 gxh5 16. Bh6 f6 17. Bxg7 Kxg7 18. Ne3 c5 19. Rg1+ Kf7 20. Nf5 Ke8 21. Rg7 Rf7 22. Rg8+ Rf8 {1-0 Petzold,H (2074)-Rieck,H (1939) MVP-ch Seniors op 16th 2016 (7.24)}) ({RR} 8. g4 b4 9. Nd1 Nfd7 10. h4 c5 11. h5 cxd4 12. Nxd4 Ne5 13. Bh6 Nbc6 14. hxg6 fxg6 15. Bxg7 Nxd4 16. Bc4+ Be6 17. Bxe6+ Nxe6 18. Bxe5 dxe5 19. Qh2 Ng5 20. Ke2 Qd4 21. Qh6 Qc4+ 22. Kd2 Nxf3+ {0-1 Lubbe,N (2454)-Bharath,S (2479) Titled Tuesday intern op 07th Jun Early blitz 2022 (5)}) 8... Nc6 9. h4 e5 10. d5 Na5 11. b3 Bd7 12. g4 h5 13. Ng3 hxg4 14. h5 Nh7 15. O-O-O gxf3 16. hxg6 fxg6 17. Bh3 Rf7 18. Bxd7 Qxd7 19. Rdg1 Bf6 20. Nf5 g5 21. Nh6+ Kf8 22. Nxf7 Qxf7 23. Qh2 b4 24. axb4 Nb7 25. Qxh7 Nd8 26. Qxf7+ Nxf7 27. Rg3 Rb8 28. Rxf3 Ke7 29. Rh7 Rg8 30. Ne2 g4 31. Rf1 g3 32. Rg1 g2 33. Rh2 Rg4 34. Nc3 Rg3 35. Bd2 Rg8 36. Rgxg2 Rb8 37. Ne2 Rc8 38. Ng3 c6 39. Nf5+ Kd7 40. Rh7 Ke8 41. Rg8+ 1-0

[Event "Olympiad Women 2024"]
[Site "Budapest HUN"]
[Date "2024.09.16"]
[Round "6.62"]
[Board "3"]
[White "Msukwa, Tupokiwe"]
[Black "Gamha, Yasmine"]
[Result "1/2-1/2"]
[WhiteElo "1674"]
[BlackElo "1679"]
[PlyCount "105"]
[EventDate "2024.09.11"]
[WhiteTeam "Malawi"]
[BlackTeam "Tunisia"]
[WhiteTeamCountry "MWI"]
[BlackTeamCountry "TUN"]

1. d4 Nf6 2. c4 e6 3. Nc3 Bb4 4. Qc2 O-O 5. Bg5 d5 6. Nf3 b6 7. e3 Bb7 8. Bd3 h6 9. Bh4 dxc4 10. Bxc4 Nbd7 11. Be2 $146 ({RR} 11. Qe2 c5 12. O-O Bxc3 13. bxc3 Qc7 14. Bxf6 Nxf6 15. h3 Rac8 16. Bd3 c4 17. Bc2 Nd5 18. Qd2 Ba8 19. Rfe1 Nf6 20. Qe2 Nd5 21. Qd2 Nf6 22. Qe2 Ne4 23. Bxe4 Bxe4 24. Nd2 Ba8 25. e4 Rfd8 {½-½ Wagner,A (1461)-Mares,J (1780) CZE-ch U16 Sec 2008 (1)}) 11... Rc8 12. Ne5 Be7 13. Bf3 Bxf3 14. Nxf3 c5 15. Qa4 cxd4 16. exd4 Nd5 17. Bxe7 Qxe7 18. O-O Nxc3 19. bxc3 Rxc3 20. Qxa7 Rfc8 21. Rfe1 Qd6 22. Rad1 Ra3 23. Qb7 Rc7 24. Qe4 Rxa2 25. d5 Qc5 26. Rf1 Nf6 27. Qb1 Qc2 28. dxe6 fxe6 29. Qxb6 Rc6 30. Qd8+ Kh7 31. Nd4 Rc8 32. Nxc2 Rxd8 33. Rxd8 Rxc2 34. f3 Re2 35. Rdd1 Kg6 36. Rde1 Rxe1 37. Rxe1 Kf7 38. Kf2 Nd5 39. Re4 Kf6 40. Ke1 g5 41. g3 Nc3 42. Rc4 Nd5 43. Kd2 Nb6 44. Rc6 Nd5 45. Rc5 Nb6 46. f4 gxf4 47. gxf4 Nd5 48. Rc4 Kf5 49. Rc1 Nxf4 50. Rf1 h5 51. Ke3 e5 52. Rf3 h4 53. Rf1 1/2-1/2